[Event "Winnipeg Yanofsky Memorial"]
[Site "Winnipeg"]
[Date "2007.09.01"]
[Round "3"]
[White "Nikouline, Alexandre"]
[Black "Lipnowski, Samuel"]
[Result "0-1"]
[WhiteElo "2140"]
[BlackElo "2281"]
[PlyCount "78"]
[EventDate "2007.08.31"]
[EventType "swiss"]
[EventRounds "5"]
[EventCountry "CAN"]
[SourceTitle "EXT 2022"]
[Source "ChessBase"]
[SourceDate "2021.10.06"]
[SourceVersion "1"]
[SourceVersionDate "2021.10.06"]
[SourceQuality "1"]

1. e4 c5 2. Nf3 d6 3. d4 cxd4 4. Nxd4 Nf6 5. Nc3 a6 6. Bg5 e6 7. f4 Qb6 8. Qd2 Qxb2 9. Rb1 Qa3 10. f5 Nc6 11. fxe6 fxe6 12. Bc4 Nxd4 13. Qxd4 Be7 14. e5 dxe5 15. Qxe5 Qc5 16. Bxf6 gxf6 17. Qxc5 Bxc5 18. Ne4 Be7 19. Rb6 f5 20. Nd6+ Bxd6 21. Rxd6 Ke7 22. Rb6 Rd8 23. Ke2 Rd6 24. Rxd6 Kxd6 25. Rd1+ Ke7 26. Rd3 Bd7 27. Rh3 Rh8 28. Rh6 Kf7 29. Bd3 Kg7 30. Rh4 e5 31. Rb4 b5 32. a4 e4 33. Bxb5 axb5 34. axb5 Rc8 35. Rb2 f4 36. b6 Bg4+ 37. Ke1 e3 38. b7 Rd8 39. Rb1 e2 0-1

[Event "Winnipeg TNT Aug op"]
[Site "Winnipeg"]
[Date "2007.08.07"]
[Round "1"]
[White "Nikouline, Alexandre"]
[Black "Pottinger, Carl"]
[Result "1/2-1/2"]
[WhiteElo "2118"]
[BlackElo "1856"]
[PlyCount "108"]
[EventDate "2007.08.07"]
[EventType "swiss"]
[EventRounds "4"]
[EventCountry "CAN"]
[SourceTitle "EXT 2019"]
[Source "ChessBase"]
[SourceDate "2018.10.10"]
[SourceVersion "1"]
[SourceVersionDate "2018.10.10"]
[SourceQuality "1"]

1. e4 c5 2. Nf3 d6 3. d4 cxd4 4. Nxd4 Nf6 5. Nc3 g6 6. Be2 Bg7 7. 0-0 0-0 8. Be3 Nc6 9. Qd2 Ng4 10. Nxc6 bxc6 11. Bf4 Qb6 12. Na4 Qd4 13. Qxd4 Bxd4 14. h3 Be5 15. Bxe5 Nxe5 16. f4 Nd7 17. b4 Nb6 18. Nxb6 axb6 19. a4 Ba6 20. Kf2 Bxe2 21. Kxe2 f5 22. a5 bxa5 23. Rxa5 fxe4 24. Ke3 d5 25. Kd4 Rad8 26. Ra6 Rf6 27. Ke3 e5 28. c3 exf4+ 29. Rxf4 Rxf4 30. Kxf4 Rc8 31. Ra7 Re8 32. Ke3 g5 33. Rd7 Rc8 34. Re7 h6 35. Kd4 Rf8 36. Re6 Rc8 37. Ke5 Kg7 38. Kd6 h5 39. Kd7 Rf8 40. Re5 Kf6 41. Re6+ Kf5 42. g4+ hxg4 43. hxg4+ Kxg4 44. Kxc6 Rc8+ 45. Kxd5 Rxc3 46. Rxe4+ Kf3 47. Re1 g4 48. Rf1+ Kg2 49. Rb1 g3 50. b5 Kf2 51. b6 Rc8 52. b7 Rb8 53. Kc6 g2 54. Kc7 Rxb7+ 1/2-1/2